[Event "DEM U18 2024"]
[Site "Willingen GER"]
[Date "2024.05.23"]
[Round "7"]
[White "Hommer, Jeremy"]
[Black "Storm, Max"]
[Result "1-0"]
[Termination "normal"]
[Board "10"]
[WhiteTitle "FM"]
[WhiteElo "2264"]
[BlackElo "1903"]
[WhiteClock "00:48:15"]
[BlackClock "00:14:03"]
[PlyCount "109"]
[WhiteFideId "12992577"]
[BlackFideId "34625658"]
[EventCountry "GER"]
[EventRounds "9"]
[EventType "swiss"]
[EventDate "2024.05.18"]

1. d4 {[%clk 01:30:51]} {[%emt 00:00:08]} Nf6 {[%clk 01:30:54]} {[%emt
00:00:07]} 2. Bf4 {[%clk 01:30:56]} {[%emt 00:00:25]} d5 {[%clk 01:31:13]}
{[%emt 00:00:10]} 3. e3 {[%clk 01:31:11]} {[%emt 00:00:16]} c5 {[%clk
01:31:20]} {[%emt 00:00:23]} 4. Nf3 {[%clk 01:29:47]} {[%emt 00:01:54]} cxd4
{[%clk 01:18:47]} {[%emt 00:13:03]} 5. exd4 {[%clk 01:29:39]} {[%emt 00:00:38]}
Qb6 {[%clk 01:18:02]} {[%emt 00:01:15]} 6. Nc3 {[%clk 01:28:45]} {[%emt
00:01:24]} a6 {[%clk 01:08:52]} {[%emt 00:09:39]} 7. Na4 {[%clk 01:21:15]}
{[%emt 00:08:01]} Qd8 {[%clk 01:02:30]} {[%emt 00:06:51]} 8. Nc5 {[%clk
01:20:44]} {[%emt 00:01:02]} Nc6 {[%clk 01:00:07]} {[%emt 00:02:52]} 9. c3
{[%clk 01:20:45]} {[%emt 00:00:29]} e6 {[%clk 00:56:56]} {[%emt 00:03:41]} 10.
Nd3 {[%clk 01:19:09]} {[%emt 00:02:06]} Bd6 {[%clk 00:55:02]} {[%emt 00:02:24]}
11. Nfe5 {[%clk 01:14:12]} {[%emt 00:05:27]} O-O {[%clk 00:52:14]} {[%emt
00:03:18]} 12. Be2 {[%clk 01:07:45]} {[%emt 00:06:57]} Bxe5 {[%clk 00:46:29]}
{[%emt 00:06:15]} 13. Nxe5 {[%clk 01:05:58]} {[%emt 00:02:17]} Nxe5 {[%clk
00:45:11]} {[%emt 00:01:48]} 14. Bxe5 {[%clk 01:06:12]} {[%emt 00:00:16]} Re8
{[%clk 00:36:08]} {[%emt 00:09:34]} 15. O-O {[%clk 01:06:20]} {[%emt 00:00:21]}
Nd7 {[%clk 00:36:04]} {[%emt 00:00:35]} 16. Bg3 {[%clk 01:05:16]} {[%emt
00:01:33]} e5 {[%clk 00:34:42]} {[%emt 00:01:52]} 17. dxe5 {[%clk 01:02:56]}
{[%emt 00:02:50]} Nxe5 {[%clk 00:34:45]} {[%emt 00:00:27]} 18. Bxe5 {[%clk
00:58:03]} {[%emt 00:05:23]} Rxe5 {[%clk 00:33:11]} {[%emt 00:02:04]} 19. Bf3
{[%clk 00:58:32]} {[%emt 00:00:02]} Be6 {[%clk 00:26:51]} {[%emt 00:06:50]} 20.
Qd4 {[%clk 00:57:56]} {[%emt 00:01:06]} Qf6 {[%clk 00:25:21]} {[%emt 00:01:59]}
21. Rad1 {[%clk 00:56:29]} {[%emt 00:01:58]} Re8 {[%clk 00:22:20]} {[%emt
00:03:30]} 22. Qb6 {[%clk 00:54:45]} {[%emt 00:02:14]} Rg5 {[%clk 00:15:21]}
{[%emt 00:07:29]} 23. Rd3 {[%clk 00:53:05]} {[%emt 00:02:10]} h5 {[%clk
00:05:53]} {[%emt 00:09:59]} 24. Re1 {[%clk 00:50:53]} {[%emt 00:02:42]} Re7
{[%clk 00:04:27]} {[%emt 00:01:55]} 25. Ree3 {[%clk 00:43:03]} {[%emt
00:08:20]} Kh7 {[%clk 00:02:39]} {[%emt 00:02:19]} 26. Qd4 {[%clk 00:37:28]}
{[%emt 00:06:05]} Qg6 {[%clk 00:01:51]} {[%emt 00:01:17]} 27. Rd1 {[%clk
00:36:10]} {[%emt 00:01:48]} Bg4 {[%clk 00:01:16]} {[%emt 00:01:05]} 28. Bxg4
{[%clk 00:34:59]} {[%emt 00:01:41]} Rxe3 {[%clk 00:00:56]} {[%emt 00:00:50]}
29. Qxe3 {[%clk 00:34:41]} {[%emt 00:00:49]} Rxg4 {[%clk 00:01:22]} {[%emt
00:00:05]} 30. g3 {[%clk 00:32:09]} {[%emt 00:03:01]} Re4 {[%clk 00:01:46]}
{[%emt 00:00:05]} 31. Qf3 {[%clk 00:31:17]} {[%emt 00:01:23]} Qg4 {[%clk
00:00:55]} {[%emt 00:01:20]} 32. Qd3 {[%clk 00:29:59]} {[%emt 00:01:48]} Qf5
{[%clk 00:01:07]} {[%emt 00:00:17]} 33. Qxd5 {[%clk 00:28:33]} {[%emt
00:01:58]} Re1+ {[%clk 00:01:31]} {[%emt 00:00:05]} 34. Kg2 {[%clk 00:28:56]}
{[%emt 00:00:07]} Qxd5+ {[%clk 00:01:33]} {[%emt 00:00:29]} 35. Rxd5 {[%clk
00:29:24]} {[%emt 00:00:02]} Re2 {[%clk 00:01:54]} {[%emt 00:00:09]} 36. b4
{[%clk 00:29:09]} {[%emt 00:00:44]} Rxa2 {[%clk 00:01:27]} {[%emt 00:00:58]}
37. Rxh5+ {[%clk 00:28:03]} {[%emt 00:01:35]} Kg6 {[%clk 00:01:53]} {[%emt
00:00:04]} 38. Rc5 {[%clk 00:27:17]} {[%emt 00:01:16]} Rc2 {[%clk 00:01:29]}
{[%emt 00:00:53]} 39. h4 {[%clk 00:27:07]} {[%emt 00:00:40]} Kf6 {[%clk
00:01:20]} {[%emt 00:00:40]} 40. Rc7 {[%clk 00:27:31]} {[%emt 00:00:06]} Ke6
{[%clk 00:00:49]} {[%emt 00:01:00]} 41. Rxb7 {[%clk 00:27:38]} {[%emt
00:00:24]} Rxc3 {[%clk 00:01:11]} {[%emt 00:00:08]} 42. Rb6+ {[%clk 00:28:03]}
{[%emt 00:00:05]} Kf5 {[%clk 00:26:15]} {[%emt 00:05:26]} 43. Rxa6 {[%clk
00:58:17]} {[%emt 00:00:16]} Rb3 {[%clk 00:26:30]} {[%emt 00:00:15]} 44. Ra7
{[%clk 00:58:09]} {[%emt 00:00:38]} Kg6 {[%clk 00:21:36]} {[%emt 00:05:24]} 45.
Rb7 {[%clk 00:57:53]} {[%emt 00:00:46]} f5 {[%clk 00:20:54]} {[%emt 00:01:13]}
46. Rb8 {[%clk 00:55:04]} {[%emt 00:03:19]} Kh5 {[%clk 00:20:29]} {[%emt
00:00:55]} 47. b5 {[%clk 00:53:51]} {[%emt 00:01:43]} f4 {[%clk 00:20:14]}
{[%emt 00:00:44]} 48. Rh8+ {[%clk 00:51:36]} {[%emt 00:02:45]} Kg6 {[%clk
00:18:16]} {[%emt 00:02:29]} 49. g4 {[%clk 00:51:53]} {[%emt 00:00:12]} Rxb5
{[%clk 00:17:42]} {[%emt 00:01:04]} 50. Rf8 {[%clk 00:51:44]} {[%emt 00:00:39]}
Rb4 {[%clk 00:14:40]} {[%emt 00:03:32]} 51. Kf3 {[%clk 00:51:57]} {[%emt
00:00:16]} Kh6 {[%clk 00:14:46]} {[%emt 00:00:25]} 52. Rxf4 {[%clk 00:52:04]}
{[%emt 00:00:22]} Rb3+ {[%clk 00:15:10]} {[%emt 00:00:07]} 53. Kg2 {[%clk
00:52:18]} {[%emt 00:00:15]} g6 {[%clk 00:14:44]} {[%emt 00:00:56]} 54. Rf7
{[%clk 00:48:39]} {[%emt 00:04:09]} Rb4 {[%clk 00:14:03]} {[%emt 00:01:11]} 55.
Kg3 {[%clk 00:48:15]} {[%emt 00:00:55]} 1-0

[Event "DEM U18 2024"]
[Site "Willingen GER"]
[Date "2024.05.23"]
[Round "7"]
[White "Demchenko, Yaroslav"]
[Black "Englert, Luca"]
[Result "0-1"]
[Termination "normal"]
[Board "12"]
[WhiteElo "1996"]
[BlackElo "2168"]
[WhiteClock "00:02:32"]
[BlackClock "00:18:32"]
[PlyCount "80"]
[WhiteFideId "14186667"]
[BlackFideId "16293088"]
[EventCountry "GER"]
[EventRounds "9"]
[EventType "swiss"]
[EventDate "2024.05.18"]

1. e4 {[%clk 01:30:56]} {[%emt 00:00:03]} c5 {[%clk 01:30:54]} {[%emt
00:00:07]} 2. Nc3 {[%clk 01:31:11]} {[%emt 00:00:14]} a6 {[%clk 01:31:09]}
{[%emt 00:00:15]} 3. d4 {[%clk 01:31:03]} {[%emt 00:00:39]} cxd4 {[%clk
01:31:32]} {[%emt 00:00:06]} 4. Qxd4 {[%clk 01:31:29]} {[%emt 00:00:03]} Nc6
{[%clk 01:31:46]} {[%emt 00:00:16]} 5. Qd2 {[%clk 01:31:46]} {[%emt 00:00:15]}
d6 {[%clk 01:30:20]} {[%emt 00:01:56]} 6. b3 {[%clk 01:32:06]} {[%emt
00:00:10]} Nf6 {[%clk 01:30:28]} {[%emt 00:00:21]} 7. Bb2 {[%clk 01:32:24]}
{[%emt 00:00:12]} e6 {[%clk 01:29:23]} {[%emt 00:01:36]} 8. O-O-O {[%clk
01:32:25]} {[%emt 00:00:29]} Be7 {[%clk 01:29:09]} {[%emt 00:00:43]} 9. f4
{[%clk 01:31:55]} {[%emt 00:01:00]} b5 {[%clk 01:28:34]} {[%emt 00:01:05]} 10.
Bd3 {[%clk 01:17:32]} {[%emt 00:14:53]} b4 {[%clk 01:26:30]} {[%emt 00:02:34]}
11. Nce2 {[%clk 01:16:03]} {[%emt 00:01:58]} e5 {[%clk 01:24:40]} {[%emt
00:02:21]} 12. Nf3 {[%clk 01:11:34]} {[%emt 00:04:59]} Qa5 {[%clk 01:20:27]}
{[%emt 00:04:43]} 13. Kb1 {[%clk 01:10:54]} {[%emt 00:01:10]} O-O {[%clk
01:17:39]} {[%emt 00:03:18]} 14. h3 {[%clk 01:05:57]} {[%emt 00:05:28]} Bb7
{[%clk 01:16:58]} {[%emt 00:01:10]} 15. g4 {[%clk 01:01:19]} {[%emt 00:05:07]}
Na7 {[%clk 01:15:44]} {[%emt 00:01:44]} 16. Qe3 {[%clk 00:53:21]} {[%emt
00:08:29]} Nb5 {[%clk 01:12:50]} {[%emt 00:03:24]} 17. fxe5 {[%clk 00:48:51]}
{[%emt 00:05:00]} dxe5 {[%clk 01:12:57]} {[%emt 00:00:23]} 18. Nxe5 {[%clk
00:46:07]} {[%emt 00:03:14]} Qc7 {[%clk 01:03:17]} {[%emt 00:10:09]} 19. Nc4
{[%clk 00:37:00]} {[%emt 00:09:38]} Rfe8 {[%clk 00:57:41]} {[%emt 00:06:06]}
20. Rhf1 {[%clk 00:35:43]} {[%emt 00:01:47]} Bc5 {[%clk 00:54:21]} {[%emt
00:03:51]} 21. Qg5 {[%clk 00:19:15]} {[%emt 00:16:57]} h6 {[%clk 00:54:40]}
{[%emt 00:00:10]} 22. Qf4 {[%clk 00:19:37]} {[%emt 00:00:09]} Qxf4 {[%clk
00:52:34]} {[%emt 00:02:36]} 23. Rxf4 {[%clk 00:18:49]} {[%emt 00:01:18]} Nxe4
{[%clk 00:49:47]} {[%emt 00:03:17]} 24. Ne5 {[%clk 00:17:28]} {[%emt 00:01:51]}
Nbd6 {[%clk 00:36:50]} {[%emt 00:13:27]} 25. Bxe4 {[%clk 00:14:37]} {[%emt
00:03:20]} Bxe4 {[%clk 00:35:26]} {[%emt 00:01:54]} 26. Ng3 {[%clk 00:13:12]}
{[%emt 00:01:56]} Bh7 {[%clk 00:33:41]} {[%emt 00:02:15]} 27. Nd7 {[%clk
00:11:36]} {[%emt 00:02:06]} Ba7 {[%clk 00:33:24]} {[%emt 00:00:46]} 28. Rxb4
{[%clk 00:11:09]} {[%emt 00:00:58]} Rac8 {[%clk 00:32:24]} {[%emt 00:01:30]}
29. Ka1 {[%clk 00:03:27]} {[%emt 00:08:11]} Bxc2 {[%clk 00:31:35]} {[%emt
00:01:19]} 30. Rxd6 {[%clk 00:03:00]} {[%emt 00:00:57]} Re1+ {[%clk 00:31:14]}
{[%emt 00:00:51]} 31. Bc1 {[%clk 00:03:27]} {[%emt 00:00:04]} Rxc1+ {[%clk
00:29:01]} {[%emt 00:02:43]} 32. Kb2 {[%clk 00:03:54]} {[%emt 00:00:03]} Bg6
{[%clk 00:25:11]} {[%emt 00:04:20]} 33. Rb7 {[%clk 00:02:02]} {[%emt 00:02:22]}
Be3 {[%clk 00:23:47]} {[%emt 00:01:54]} 34. Nf5 {[%clk 00:02:29]} {[%emt
00:00:04]} R1c2+ {[%clk 00:22:52]} {[%emt 00:01:24]} 35. Kb1 {[%clk 00:01:57]}
{[%emt 00:01:02]} Rf2 {[%clk 00:21:14]} {[%emt 00:02:08]} 36. Rc6 {[%clk
00:01:30]} {[%emt 00:00:57]} Bxf5+ {[%clk 00:18:41]} {[%emt 00:03:03]} 37. gxf5
{[%clk 00:01:57]} {[%emt 00:00:03]} Rf1+ {[%clk 00:19:05]} {[%emt 00:00:06]}
38. Kc2 {[%clk 00:01:52]} {[%emt 00:00:35]} Rxc6+ {[%clk 00:19:29]} {[%emt
00:00:05]} 39. Kd3 {[%clk 00:02:19]} {[%emt 00:00:04]} Bc5 {[%clk 00:18:59]}
{[%emt 00:01:00]} 40. b4 {[%clk 00:02:32]} {[%emt 00:00:18]} Bd6 {[%clk
00:18:32]} {[%emt 00:00:56]} 0-1

[Event "DEM U18 2024"]
[Site "Willingen GER"]
[Date "2024.05.23"]
[Round "7"]
[White "Metzdorf, Matteo"]
[Black "Abou Wally, Adrian"]
[Result "1-0"]
[Termination "normal"]
[Board "13"]
[WhiteElo "2131"]
[BlackElo "1917"]
[WhiteClock "00:15:08"]
[BlackClock "00:03:35"]
[PlyCount "45"]
[WhiteFideId "16209869"]
[BlackFideId "16245113"]
[EventCountry "GER"]
[EventRounds "9"]
[EventType "swiss"]
[EventDate "2024.05.18"]

1. e4 {[%clk 01:30:56]} {[%emt 00:00:03]} e5 {[%clk 01:30:59]} {[%emt
00:00:02]} 2. Nf3 {[%clk 01:31:14]} {[%emt 00:00:12]} Nc6 {[%clk 01:31:25]}
{[%emt 00:00:04]} 3. Bb5 {[%clk 01:31:39]} {[%emt 00:00:05]} a6 {[%clk
01:31:53]} {[%emt 00:00:03]} 4. Ba4 {[%clk 01:31:56]} {[%emt 00:00:13]} Nf6
{[%clk 01:32:18]} {[%emt 00:00:04]} 5. O-O {[%clk 01:32:01]} {[%emt 00:00:25]}
b5 {[%clk 01:32:45]} {[%emt 00:00:03]} 6. Bb3 {[%clk 01:32:27]} {[%emt
00:00:04]} Be7 {[%clk 01:33:11]} {[%emt 00:00:04]} 7. Re1 {[%clk 01:32:20]}
{[%emt 00:00:37]} O-O {[%clk 01:33:34]} {[%emt 00:00:08]} 8. c3 {[%clk
01:31:33]} {[%emt 00:01:17]} d5 {[%clk 01:33:39]} {[%emt 00:00:25]} 9. d4
{[%clk 01:29:17]} {[%emt 00:02:45]} dxe4 {[%clk 01:11:32]} {[%emt 00:22:37]}
10. Nxe5 {[%clk 01:24:38]} {[%emt 00:05:09]} Nxe5 {[%clk 01:08:22]} {[%emt
00:03:40]} 11. dxe5 {[%clk 01:25:03]} {[%emt 00:00:06]} Qxd1 {[%clk 01:08:47]}
{[%emt 00:00:04]} 12. Bxd1 {[%clk 01:23:30]} {[%emt 00:02:03]} Nd7 {[%clk
01:02:08]} {[%emt 00:07:09]} 13. Rxe4 {[%clk 01:09:03]} {[%emt 00:14:57]} Nc5
{[%clk 00:49:34]} {[%emt 00:13:04]} 14. Re2 {[%clk 01:01:06]} {[%emt 00:08:26]}
Nd3 {[%clk 00:37:50]} {[%emt 00:12:15]} 15. Nd2 {[%clk 00:49:01]} {[%emt
00:12:36]} Bg4 {[%clk 00:24:58]} {[%emt 00:13:21]} 16. f3 {[%clk 00:28:52]}
{[%emt 00:20:39]} Bc5+ {[%clk 00:24:27]} {[%emt 00:01:00]} 17. Kf1 {[%clk
00:28:47]} {[%emt 00:00:35]} Bf5 {[%clk 00:24:46]} {[%emt 00:00:11]} 18. Ne4
{[%clk 00:27:51]} {[%emt 00:01:26]} Bxe4 {[%clk 00:15:47]} {[%emt 00:09:29]}
19. Rxe4 {[%clk 00:26:44]} {[%emt 00:01:37]} Rfe8 {[%clk 00:14:19]} {[%emt
00:01:58]} 20. f4 {[%clk 00:21:44]} {[%emt 00:05:31]} Kf8 {[%clk 00:11:19]}
{[%emt 00:03:30]} 21. Bc2 {[%clk 00:16:28]} {[%emt 00:05:45]} Rad8 {[%clk
00:10:56]} {[%emt 00:00:54]} 22. Re2 {[%clk 00:16:38]} {[%emt 00:00:20]} Re6
{[%clk 00:03:35]} {[%emt 00:07:51]} 23. Rd2 {[%clk 00:15:08]} {[%emt 00:02:00]}
1-0

[Event "DEM U18 2024"]
[Site "Willingen GER"]
[Date "2024.05.23"]
[Round "7"]
[White "Morczynski, Joachim"]
[Black "Hoffmann, Kay"]
[Result "1/2-1/2"]
[Termination "normal"]
[Board "14"]
[WhiteElo "1980"]
[BlackElo "2047"]
[WhiteClock "00:29:29"]
[BlackClock "00:12:49"]
[PlyCount "95"]
[WhiteFideId "16209745"]
[BlackFideId "16227000"]
[EventCountry "GER"]
[EventRounds "9"]
[EventType "swiss"]
[EventDate "2024.05.18"]

1. e4 {[%clk 01:30:58]} {[%emt 00:00:02]} e5 {[%clk 01:30:56]} {[%emt
00:00:04]} 2. Nf3 {[%clk 01:31:24]} {[%emt 00:00:05]} Nf6 {[%clk 01:31:22]}
{[%emt 00:00:04]} 3. Nxe5 {[%clk 01:31:41]} {[%emt 00:00:12]} d6 {[%clk
01:31:46]} {[%emt 00:00:06]} 4. Nf3 {[%clk 01:32:04]} {[%emt 00:00:07]} Nxe4
{[%clk 01:32:12]} {[%emt 00:00:04]} 5. Nc3 {[%clk 01:32:27]} {[%emt 00:00:07]}
Nxc3 {[%clk 01:32:39]} {[%emt 00:00:04]} 6. dxc3 {[%clk 01:32:53]} {[%emt
00:00:04]} Be7 {[%clk 01:33:04]} {[%emt 00:00:04]} 7. Be3 {[%clk 01:33:13]}
{[%emt 00:00:10]} Nd7 {[%clk 01:33:31]} {[%emt 00:00:04]} 8. Qd2 {[%clk
01:33:37]} {[%emt 00:00:06]} c6 {[%clk 01:33:57]} {[%emt 00:00:03]} 9. O-O-O
{[%clk 01:33:37]} {[%emt 00:00:30]} O-O {[%clk 01:34:20]} {[%emt 00:00:07]} 10.
Bd3 {[%clk 01:26:33]} {[%emt 00:07:34]} d5 {[%clk 01:34:44]} {[%emt 00:00:06]}
11. h4 {[%clk 01:26:39]} {[%emt 00:00:23]} Nc5 {[%clk 01:35:07]} {[%emt
00:00:08]} 12. Ng5 {[%clk 01:06:45]} {[%emt 00:20:24]} h6 {[%clk 01:35:32]}
{[%emt 00:00:06]} 13. Bh7+ {[%clk 01:03:08]} {[%emt 00:04:07]} Kh8 {[%clk
01:35:39]} {[%emt 00:00:22]} 14. Bd4 {[%clk 01:02:35]} {[%emt 00:01:03]} f6
{[%clk 01:24:54]} {[%emt 00:11:15]} 15. Bg6 {[%clk 00:52:24]} {[%emt 00:10:40]}
fxg5 {[%clk 01:22:17]} {[%emt 00:03:07]} 16. hxg5 {[%clk 00:52:48]} {[%emt
00:00:06]} Bxg5 {[%clk 01:22:14]} {[%emt 00:00:33]} 17. Rxh6+ {[%clk 00:52:45]}
{[%emt 00:00:33]} Kg8 {[%clk 01:20:27]} {[%emt 00:02:18]} 18. Bh7+ {[%clk
00:53:02]} {[%emt 00:00:13]} Kf7 {[%clk 01:10:16]} {[%emt 00:10:40]} 19. Bg6+
{[%clk 00:43:12]} {[%emt 00:10:21]} Ke6 {[%clk 00:30:57]} {[%emt 00:39:49]} 20.
Bf5+ {[%clk 00:41:24]} {[%emt 00:02:18]} Kxf5 {[%clk 00:22:36]} {[%emt
00:08:50]} 21. g4+ {[%clk 00:41:48]} {[%emt 00:00:06]} Kxg4 {[%clk 00:23:02]}
{[%emt 00:00:05]} 22. Rg1+ {[%clk 00:41:49]} {[%emt 00:00:28]} Kf5 {[%clk
00:23:24]} {[%emt 00:00:09]} 23. Rh5 {[%clk 00:41:56]} {[%emt 00:00:22]} Ne4
{[%clk 00:23:45]} {[%emt 00:00:09]} 24. Rgxg5+ {[%clk 00:41:34]} {[%emt
00:00:52]} Nxg5 {[%clk 00:15:40]} {[%emt 00:08:36]} 25. Be3 {[%clk 00:41:41]}
{[%emt 00:00:22]} Rh8 {[%clk 00:09:33]} {[%emt 00:06:37]} 26. Bxg5 {[%clk
00:38:52]} {[%emt 00:03:19]} Rxh5 {[%clk 00:08:54]} {[%emt 00:01:10]} 27. Qf4+
{[%clk 00:39:04]} {[%emt 00:00:18]} Kg6 {[%clk 00:09:08]} {[%emt 00:00:15]} 28.
Bxd8 {[%clk 00:39:28]} {[%emt 00:00:07]} Bf5 {[%clk 00:02:30]} {[%emt
00:07:08]} 29. Qd6+ {[%clk 00:38:42]} {[%emt 00:01:15]} Kh7 {[%clk 00:02:40]}
{[%emt 00:00:20]} 30. b4 {[%clk 00:38:29]} {[%emt 00:00:43]} Rh6 {[%clk
00:01:44]} {[%emt 00:01:26]} 31. Qe7 {[%clk 00:37:42]} {[%emt 00:01:16]} Re6
{[%clk 00:01:09]} {[%emt 00:01:07]} 32. Qg5 {[%clk 00:38:01]} {[%emt 00:00:11]}
Be4 {[%clk 00:01:05]} {[%emt 00:00:33]} 33. a4 {[%clk 00:34:22]} {[%emt
00:04:09]} Rg6 {[%clk 00:00:52]} {[%emt 00:00:43]} 34. Qe7 {[%clk 00:34:30]}
{[%emt 00:00:23]} a6 {[%clk 00:00:43]} {[%emt 00:00:39]} 35. Bb6 {[%clk
00:34:44]} {[%emt 00:00:15]} Bf5 {[%clk 00:00:35]} {[%emt 00:00:39]} 36. Qxb7
{[%clk 00:34:34]} {[%emt 00:00:39]} Re8 {[%clk 00:01:03]} {[%emt 00:00:02]} 37.
Qf7 {[%clk 00:32:53]} {[%emt 00:02:10]} Re1+ {[%clk 00:01:16]} {[%emt
00:00:18]} 38. Kd2 {[%clk 00:32:46]} {[%emt 00:00:37]} Be6 {[%clk 00:01:45]}
{[%emt 00:00:01]} 39. Qb7 {[%clk 00:26:39]} {[%emt 00:06:37]} Rgg1 {[%clk
00:01:16]} {[%emt 00:01:00]} 40. c4 {[%clk 00:26:55]} {[%emt 00:00:13]} Bf5
{[%clk 00:00:34]} {[%emt 00:01:13]} 41. Qxc6 {[%clk 00:18:42]} {[%emt
00:08:42]} dxc4 {[%clk 00:27:18]} {[%emt 00:03:47]} 42. Qxc4 {[%clk 00:40:11]}
{[%emt 00:09:00]} Rc1 {[%clk 00:26:26]} {[%emt 00:01:22]} 43. Qxa6 {[%clk
00:37:44]} {[%emt 00:02:57]} Rxc2+ {[%clk 00:25:39]} {[%emt 00:01:17]} 44. Ke3
{[%clk 00:38:08]} {[%emt 00:00:07]} Rc3+ {[%clk 00:25:15]} {[%emt 00:00:54]}
45. Kf4 {[%clk 00:37:27]} {[%emt 00:01:09]} Bc8 {[%clk 00:25:05]} {[%emt
00:00:41]} 46. Qe2 {[%clk 00:36:55]} {[%emt 00:01:01]} Rc4+ {[%clk 00:24:55]}
{[%emt 00:00:41]} 47. Ke3 {[%clk 00:29:19]} {[%emt 00:08:05]} Rxb4 {[%clk
00:12:49]} {[%emt 00:12:37]} 48. Qh5+ {[%clk 00:29:29]} {[%emt 00:00:20]}
1/2-1/2

[Event "DEM U18 2024"]
[Site "Willingen GER"]
[Date "2024.05.23"]
[Round "7"]
[White "Scharf, Christian"]
[Black "Passin, Connor"]
[Result "1-0"]
[Termination "normal"]
[Board "15"]
[WhiteElo "1819"]
[BlackElo "1882"]
[WhiteClock "00:27:53"]
[BlackClock "00:32:37"]
[PlyCount "83"]
[WhiteFideId "16266110"]
[BlackFideId "16259459"]
[EventCountry "GER"]
[EventRounds "9"]
[EventType "swiss"]
[EventDate "2024.05.18"]

1. e4 {[%clk 01:30:57]} {[%emt 00:00:02]} e5 {[%clk 01:30:55]} {[%emt
00:00:06]} 2. Nf3 {[%clk 01:31:22]} {[%emt 00:00:05]} Nc6 {[%clk 01:31:19]}
{[%emt 00:00:06]} 3. Bb5 {[%clk 01:31:47]} {[%emt 00:00:05]} f5 {[%clk
01:30:47]} {[%emt 00:01:03]} 4. Nc3 {[%clk 01:32:09]} {[%emt 00:00:07]} fxe4
{[%clk 01:28:17]} {[%emt 00:03:00]} 5. Nxe4 {[%clk 01:32:33]} {[%emt 00:00:05]}
d5 {[%clk 01:26:40]} {[%emt 00:02:09]} 6. Nxe5 {[%clk 01:32:53]} {[%emt
00:00:08]} dxe4 {[%clk 01:27:06]} {[%emt 00:00:06]} 7. Nxc6 {[%clk 01:33:17]}
{[%emt 00:00:06]} Qg5 {[%clk 01:25:22]} {[%emt 00:02:13]} 8. Qe2 {[%clk
01:33:18]} {[%emt 00:00:29]} Nf6 {[%clk 01:23:46]} {[%emt 00:02:07]} 9. Nxa7+
{[%clk 01:33:17]} {[%emt 00:00:31]} c6 {[%clk 01:15:56]} {[%emt 00:08:20]} 10.
Nxc6 {[%clk 01:28:22]} {[%emt 00:05:24]} Bd7 {[%clk 01:15:06]} {[%emt
00:01:21]} 11. Nd4 {[%clk 01:15:36]} {[%emt 00:13:15]} Qxg2 {[%clk 01:12:21]}
{[%emt 00:03:15]} 12. Qf1 {[%clk 01:13:11]} {[%emt 00:02:55]} Qxf1+ {[%clk
01:09:01]} {[%emt 00:03:50]} 13. Kxf1 {[%clk 01:13:06]} {[%emt 00:00:35]} Bc5
{[%clk 01:03:30]} {[%emt 00:06:01]} 14. Bxd7+ {[%clk 01:13:22]} {[%emt
00:00:14]} Kxd7 {[%clk 01:03:37]} {[%emt 00:00:24]} 15. Nb3 {[%clk 00:46:22]}
{[%emt 00:27:30]} Bb6 {[%clk 00:55:09]} {[%emt 00:08:58]} 16. d4 {[%clk
00:42:32]} {[%emt 00:04:19]} exd3 {[%clk 00:51:56]} {[%emt 00:03:43]} 17. cxd3
{[%clk 00:42:47]} {[%emt 00:00:15]} Ng4 {[%clk 00:39:49]} {[%emt 00:12:36]} 18.
f3 {[%clk 00:37:46]} {[%emt 00:05:32]} Rhf8 {[%clk 00:30:44]} {[%emt 00:09:35]}
19. Kg2 {[%clk 00:38:02]} {[%emt 00:00:14]} Rae8 {[%clk 00:21:26]} {[%emt
00:09:48]} 20. fxg4 {[%clk 00:22:47]} {[%emt 00:15:44]} Re2+ {[%clk 00:20:25]}
{[%emt 00:01:32]} 21. Kg3 {[%clk 00:23:09]} {[%emt 00:00:08]} Bc7+ {[%clk
00:09:41]} {[%emt 00:11:14]} 22. Kh4 {[%clk 00:23:23]} {[%emt 00:00:16]} Rff2
{[%clk 00:04:52]} {[%emt 00:05:18]} 23. Bd2 {[%clk 00:20:15]} {[%emt 00:03:39]}
Bd8+ {[%clk 00:02:49]} {[%emt 00:02:34]} 24. Bg5 {[%clk 00:20:00]} {[%emt
00:00:44]} Bc7 {[%clk 00:03:06]} {[%emt 00:00:14]} 25. Bd2 {[%clk 00:06:58]}
{[%emt 00:13:31]} Bd8+ {[%clk 00:03:26]} {[%emt 00:00:10]} 26. g5 {[%clk
00:05:12]} {[%emt 00:02:16]} h6 {[%clk 00:03:26]} {[%emt 00:00:31]} 27. Rae1
{[%clk 00:05:09]} {[%emt 00:00:32]} hxg5+ {[%clk 00:02:30]} {[%emt 00:01:26]}
28. Kh5 {[%clk 00:05:29]} {[%emt 00:00:09]} g6+ {[%clk 00:01:33]} {[%emt
00:01:29]} 29. Kxg6 {[%clk 00:04:56]} {[%emt 00:01:02]} Rf6+ {[%clk 00:01:57]}
{[%emt 00:00:06]} 30. Kh5 {[%clk 00:05:12]} {[%emt 00:00:14]} Ref2 {[%clk
00:02:04]} {[%emt 00:00:23]} 31. Bxg5 {[%clk 00:03:57]} {[%emt 00:01:45]} R6f5
{[%clk 00:02:17]} {[%emt 00:00:18]} 32. Reg1 {[%clk 00:04:00]} {[%emt
00:00:25]} Rxb2 {[%clk 00:02:18]} {[%emt 00:00:29]} 33. Kg6 {[%clk 00:03:03]}
{[%emt 00:01:28]} Rf8 {[%clk 00:01:45]} {[%emt 00:01:03]} 34. Bxd8 {[%clk
00:02:58]} {[%emt 00:00:35]} Rg8+ {[%clk 00:02:14]} 35. Kh5 {[%clk 00:02:52]}
{[%emt 00:00:37]} Rh8+ {[%clk 00:02:35]} {[%emt 00:00:10]} 36. Kg4 {[%clk
00:02:59]} {[%emt 00:00:23]} Kxd8 {[%clk 00:03:04]} {[%emt 00:00:01]} 37. h4
{[%clk 00:02:04]} {[%emt 00:01:24]} Rxa2 {[%clk 00:03:29]} {[%emt 00:00:05]}
38. Nc5 {[%clk 00:01:50]} {[%emt 00:00:43]} b6 {[%clk 00:03:25]} {[%emt
00:00:35]} 39. Ne4 {[%clk 00:01:29]} {[%emt 00:00:51]} Ke7 {[%clk 00:03:54]}
40. h5 {[%clk 00:00:41]} {[%emt 00:01:19]} Raa8 {[%clk 00:02:28]} {[%emt
00:01:56]} 41. h6 {[%clk 00:28:02]} {[%emt 00:03:09]} Rag8+ {[%clk 00:32:37]}
{[%emt 00:00:21]} 42. Kh5 {[%clk 00:27:53]} {[%emt 00:00:39]} 1-0